LEADER 01150nam a2200289 i 4500 001 000000011085 003 CaOOAMICUS 005 20251223085015.0 008 180830s1854 it u000 u ita u 040 $aSeMil$bita 100 1 $aGiordani, Pietro,$d<1774-1848>.$0(OLS)http://semarc/name/2933 245 10$aEpistolario di Pietro Giordani /$cedito per Antonio Gussalli. 260 $aMilano :$bBorroni e Scotti,$c1854. 300 $a7 v. ;$c18 cm. 650 4$aGiordani, Pietro - Lettere e carteggi.$0(OLS)http://semarc/subject/1813 700 1 $aGussalli, Antonio.$0(OLS)http://semarc/name/5360 773 0 $aGiordani, Pietro <1774-1848>$tOpere di Pietro Giordani.$dMilano : Borroni e Scotti, 1854-1862.$w()15153 774 0 $tVol. 1.$g1$w()108503 774 0 $tVol. 2.$g2$w()251607 774 0 $tVol. 3.$g3$w()251609 774 0 $tVol. 4.$g4$w()251610 774 0 $tVol. 5.$g5$w()251611 774 0 $tVol. 6.$g6$w()251612 774 0 $tVol. 7.$g7$w()251613 996 $6245$aEpistolario di Pietro Giordani$9(OLS)http://semarc/title/14642 996 $6260$aMilano :$bBorroni e Scotti$9(OLS)http://semarc/publisher/31266 LEADER 01325nam a2200301 i 4500 001 000000114877 003 CaOOAMICUS 005 20030505000000.0 008 030505s1992 it u000 u ita u 013 $a87565 020 $a88-10-50661-8 040 $aSeMil$bita 100 1 $aEphraïm .$0(OLS)http://semarc/name/32879 240 14$aLes pluies de l'arrière-saison.$0(OLS)http://semarc/title/168057 245 10$aPiogge d'autunno :$bnascita di una comunità /$cFrère Ephraïm. 260 $aBologna :$bEDB,$ccopyr. 1987 (stampa 1992) 300 $a154 p. ;$c19 cm. 490 0 $aTestimoni : collana di spiritualità : dottrina, esperienze, testimonianze ;$v42 500 $aContiene : [2] Appendici. - Fondo Card. C.M. Martini. 650 4$aComunità del Leone di Giuda e dell'Agnello immolato.$0(OLS)http://semarc/subject/20884 830 0$aTestimoni ;$v42.$0(OLS)http://semarc/title/10583 850 $aSeMil 852 $aSeMil$W1$xVenegono$y1$m3E II 31$j70420$B70420$CSeMilBibl$Z2$F93723 $81 941 1 $a4 961 $aOmaggio: Martini Card. Carlo Maria 996 $6020$a88-10-50661-8$9(OLS)http://semarc/number/98400 996 $6245$aPiogge d'autunno :$bnascita di una comunità$9(OLS)http://semarc/title/168056 996 $6260$aBologna :$bEDB$9(OLS)http://semarc/publisher/29669